000 00887nam a2200217Ia 4500
003 GCL
008 140319s9999 xx 000 0 ara d
040 _aGCL /
_cGCL
082 0 4 _a956.708
_bهـ ف
100 1 _aهيثم رشيد وهاب
245 1 0 _aفى ظل صدام :
_bرئيس البروتوكول يكشف وقائع اغرب من الخيال /
_cهيثم رشيد وهاب
250 _aالاولى
260 _aالاردن :
_bعويدات للنشر والطباعة ،
_c2005
300 _a277 ص ؛
_c24 سم
650 0 4 _aصدام حسين
650 0 4 _aالعراق - تاريخ - العصر الحديث - صدام حسين
650 0 4 _aالعراق - رؤساء الجمهورية
650 0 4 _aرؤساء الجمهورية - العلاقات الخارجية
650 0 4 _aرؤساء الجمهورية - استغلال السلطة
942 _2ddc
_cBK
999 _c8418
_d8418